00000000nas##2200000za#4500
0019.508445
003CaOODSP
00520250819135110
007ta
008150406c2002||||xxc|| p #||||f|   |0fre|d
040 |aCaOODSP|bfre
041 |aeng
041 |afre
043 |an-cn---
0861 |aFC2-1
1102 |aAgence de la consommation en matière financière du Canada.
24510|aLes cartes de crédit: à vous de choisir
260 |aOttawa - Ontario : |bAgence de la consommation en matière financière du Canada
310 |aTrimestriel
3621 |aPrintemps 2002-été 2002
546 |aBilingue
563 |aCouverture souple
791 |tCredit cards and you |eeng|w(CaOODSP)9.508444